[Event "Izmailov Memorial op 17th"]
[Site "Tomsk"]
[Date "2013.06.13"]
[Round "3"]
[White "Dibrov, Ilya"]
[Black "Isaev, Anton"]
[Result "1-0"]
[WhiteElo "2286"]
[BlackElo "2072"]
[PlyCount "115"]
[EventDate "2013.06.11"]
[EventType "swiss"]
[EventRounds "9"]
[EventCountry "RUS"]
[SourceTitle "CBM 154 Extra"]
[Source "ChessBase"]
[SourceDate "2013.06.25"]
[SourceVersion "2"]
[SourceVersionDate "2013.06.25"]
[SourceQuality "1"]

1. e4 c6 2. d4 d5 3. exd5 cxd5 4. Bd3 Nf6 5. c3 g6 6. Bf4 Nc6 7. Nd2 Bg7 8. Ngf3 Bg4 9. Qb3 Na5 10. Qa4+ Bd7 11. Qc2 0-0 12. h3 b5 13. Ne5 Rc8 14. Nb3 Nh5 15. Bh2 Bxe5 16. Bxe5 Nc4 17. Bh2 e5 18. dxe5 Qg5 19. 0-0 Nf4 20. Bxf4 Qxf4 21. Bxc4 dxc4 22. Qd2 Qf5 23. Nd4 Qxe5 24. Nf3 Qc7 25. Qh6 f6 26. h4 Rce8 27. Rfe1 a6 28. Nd4 Re5 29. Rxe5 fxe5 30. Nf3 Bg4 31. Nh2 Bc8 32. Qe3 Qe7 33. Nf3 e4 34. Re1 Bb7 35. g3 Qf6 36. Nd4 Kg7 37. Re2 h6 38. Rd2 Qe7 39. Nc2 Rd8 40. Rxd8 Qxd8 41. Nd4 Qd5 42. Qf4 Bc8 43. Kf1 Bd7 44. Qb8 a5 45. a3 a4 46. Ke1 h5 47. Qd8 Qd6 48. Qg5 Bg4 49. Kd2 Qf6 50. Ke3 Bd7 51. Qxf6+ Kxf6 52. Kxe4 g5 53. hxg5+ Kxg5 54. f3 h4 55. gxh4+ Kxh4 56. f4 Kg4 57. f5 Kg5 58. Ke5 1-0

[Event "Moscow op-B"]
[Site "Moscow"]
[Date "2009.02.05"]
[Round "6"]
[White "Dibrov, Ilya"]
[Black "Kulagin, Maxim"]
[Result "1/2-1/2"]
[WhiteElo "2298"]
[BlackElo "2186"]
[PlyCount "112"]
[EventDate "2009.01.31"]
[EventType "swiss"]
[EventRounds "9"]
[EventCountry "RUS"]
[SourceTitle "EXT 2012"]
[Source "ChessBase"]
[SourceDate "2011.11.24"]
[SourceVersion "1"]
[SourceVersionDate "2011.11.24"]
[SourceQuality "1"]

1. e4 e6 2. c4 d5 3. cxd5 exd5 4. exd5 Qxd5 5. Nc3 Qa5 6. Bc4 Nf6 7. Qb3 Qh5 8. Nge2 Bd6 9. Nb5 0-0 10. Nxd6 cxd6 11. 0-0 Nc6 12. Nf4 Qf5 13. d3 b6 14. Qb5 Ne5 15. Be3 Bb7 16. Rad1 d5 17. Nxd5 Nxd5 18. Bxd5 Nf3+ 19. Bxf3 Qxb5 20. Bxb7 Rad8 21. d4 Qxb2 22. Rd2 Qc3 23. Rfd1 Rd7 24. Bf3 f5 25. Bf4 Re8 26. h4 b5 27. d5 h6 28. d6 a5 29. h5 b4 30. Bd5+ Kh8 31. g3 a4 32. Kg2 Qc5 33. Bf3 Rb8 34. Rd5 Qc4 35. R5d2 Qc5 36. Rb2 b3 37. axb3 Rxb3 38. Rc1 Qxc1 39. Bxc1 Rxb2 40. Bxb2 Rxd6 41. Be5 Rd2 42. Bf4 Rd8 43. Bc7 Rd7 44. Be5 a3 45. Bc6 Rd3 46. Bb7 a2 47. Bc8 Rd5 48. Bb2 f4 49. g4 Rd2 50. Be5 Rd1 51. Kf3 a1Q 52. Bxa1 Rxa1 53. Kxf4 Kg8 54. Be6+ Kf8 55. Ke5 Ke7 56. Bd5 Re1+ 1/2-1/2

[Event "Berdsk Maestro op 14th"]
[Site "Berdsk"]
[Date "2008.07.15"]
[Round "8"]
[White "Dibrov, Ilya"]
[Black "Pushilin, Artem"]
[Result "1-0"]
[WhiteElo "2269"]
[BlackElo "2169"]
[PlyCount "107"]
[EventDate "2008.07.08"]
[EventType "swiss"]
[EventRounds "9"]
[EventCountry "RUS"]
[SourceTitle "CBM 125 Extra"]
[Source "ChessBase"]
[SourceDate "2008.09.01"]
[SourceVersion "1"]
[SourceVersionDate "2008.09.01"]
[SourceQuality "1"]

1. e4 c5 2. Nf3 d6 3. c3 Nf6 4. Be2 Nc6 5. Qc2 Bg4 6. h3 Bh5 7. d3 e6 8. 0-0 Be7 9. Re1 d5 10. Nbd2 0-0 11. Nf1 b5 12. Ng3 Bg6 13. Nh4 Qb6 14. exd5 Nxd5 15. Nxg6 hxg6 16. Ne4 Rfd8 17. Bg5 b4 18. Bxe7 Ncxe7 19. Nd2 Rab8 20. Nc4 Qc7 21. g3 Nb6 22. Ne3 Ned5 23. Kg2 Nxe3+ 24. fxe3 Nd5 25. Bf3 bxc3 26. bxc3 Qe5 27. Rac1 Nxe3+ 28. Kf2 Nxc2 29. Rxe5 Na3 30. Ke3 c4 31. d4 Rb1 32. Rxb1 Nxb1 33. d5 Nxc3 34. dxe6 fxe6 35. Rxe6 Kf7 36. Ra6 Rd3+ 37. Kf2 Rd2+ 38. Ke3 Rxa2 39. Rc6 Ra4 40. Kd4 Nb5+ 41. Kc5 Na3 42. Bd1 Ra5+ 43. Kb4 Rg5 44. g4 Nb1 45. Ra6 c3 46. Bc2 Nd2 47. Kxc3 Nf3 48. Be4 Ng1 49. Bg2 Ne2+ 50. Kb2 Nf4 51. Bf1 Rd5 52. Rxa7+ Ke8 53. Rxg7 Rd7 54. Rg8+ 1-0

[Event "Berdsk Maestro op 14th"]
[Site "Berdsk"]
[Date "2008.07.12"]
[Round "5"]
[White "Popov, Roman2222"]
[Black "Dibrov, Ilya"]
[Result "1-0"]
[WhiteElo "2311"]
[BlackElo "2269"]
[PlyCount "111"]
[EventDate "2008.07.08"]
[EventType "swiss"]
[EventRounds "9"]
[EventCountry "RUS"]
[SourceTitle "CBM 125 Extra"]
[Source "ChessBase"]
[SourceDate "2008.09.01"]
[SourceVersion "1"]
[SourceVersionDate "2008.09.01"]
[SourceQuality "1"]

1. d4 d5 2. c4 e6 3. Nf3 Nf6 4. g3 c6 5. Bg2 dxc4 6. Ne5 Bb4+ 7. Bd2 Na6 8. Bxb4 Nxb4 9. 0-0 0-0 10. a3 Nbd5 11. Nxc4 b6 12. Nc3 Bb7 13. Rc1 Qe7 14. e4 Nxc3 15. Rxc3 Rfd8 16. e5 Ne8 17. Qg4 Rac8 18. Rfc1 c5 19. dxc5 Rxc5 20. b4 Rcc8 21. Qf4 Bxg2 22. Kxg2 h6 23. Qe4 Rc7 24. Ne3 Rdc8 25. Rxc7 Rxc7 26. Rxc7 Qxc7 27. Nc4 Kf8 28. h4 h5 29. Kf3 Ke7 30. Qd4 Qd7 31. Ke3 Qd5 32. Qxd5 exd5 33. Nd2 Nc7 34. Nf3 Ne6 35. Nd4 Kd7 36. Nb5 a6 37. Nd4 g6 38. f3 Kc7 39. g4 Ng7 40. a4 Kd7 41. Ne2 Ne6 42. gxh5 gxh5 43. f4 Ng7 44. Nd4 Ne6 45. f5 Nf8 46. Kf4 Nh7 47. Nf3 Ke7 48. Ke3 Kd7 49. Kd4 Kc6 50. Ng5 Nxg5 51. hxg5 h4 52. g6 fxg6 53. fxg6 h3 54. g7 h2 55. g8Q h1Q 56. Qc8# 1-0

[Event "Berdsk Maestro op 14th"]
[Site "Berdsk"]
[Date "2008.07.11"]
[Round "4"]
[White "Dibrov, Ilya"]
[Black "Popov, Danil"]
[Result "1-0"]
[WhiteElo "2269"]
[BlackElo "1741"]
[PlyCount "83"]
[EventDate "2008.07.08"]
[EventType "swiss"]
[EventRounds "9"]
[EventCountry "RUS"]
[SourceTitle "CBM 125 Extra"]
[Source "ChessBase"]
[SourceDate "2008.09.01"]
[SourceVersion "1"]
[SourceVersionDate "2008.09.01"]
[SourceQuality "1"]

1. e4 c5 2. Nf3 e6 3. c4 Nc6 4. Nc3 Be7 5. d4 cxd4 6. Nxd4 d6 7. Be3 Nf6 8. Be2 0-0 9. Qd2 a6 10. h3 Bd7 11. Nf3 Ne5 12. Qd4 Qc7 13. Qb6 Nxf3+ 14. gxf3 Qxb6 15. Bxb6 Bc6 16. 0-0-0 Rac8 17. Kb1 Nd7 18. Be3 f5 19. Rhg1 Ne5 20. f4 Ng6 21. exf5 exf5 22. Nd5 Bh4 23. Rd2 Rfe8 24. Nc3 Rcd8 25. Bd3 Bd7 26. Nd5 Kf7 27. b3 Nf8 28. Bb6 Rc8 29. Bc7 g6 30. Bxd6 Ne6 31. Be5 Bc6 32. Bc2 Rcd8 33. Rgd1 Rd7 34. b4 Red8 35. Bb3 Be7 36. c5 a5 37. a3 axb4 38. axb4 Bh4 39. f3 Bg3 40. Kc1 g5 41. Nc7 Rxc7 42. Rxd8 1-0

[Event "Berdsk Maestro op 14th"]
[Site "Berdsk"]
[Date "2008.07.08"]
[Round "1"]
[White "Kozhevnikov, Evgraf"]
[Black "Dibrov, Ilya"]
[Result "0-1"]
[WhiteElo "1956"]
[BlackElo "2269"]
[PlyCount "90"]
[EventDate "2008.07.08"]
[EventType "swiss"]
[EventRounds "9"]
[EventCountry "RUS"]
[SourceTitle "CBM 125 Extra"]
[Source "ChessBase"]
[SourceDate "2008.09.01"]
[SourceVersion "1"]
[SourceVersionDate "2008.09.01"]
[SourceQuality "1"]

1. e4 e6 2. d4 d5 3. Nd2 Nf6 4. e5 Nfd7 5. f4 c5 6. c3 Qb6 7. Ndf3 Nc6 8. g3 cxd4 9. cxd4 Bb4+ 10. Kf2 0-0 11. Kg2 f6 12. Bd3 a6 13. Ne2 Rf7 14. h4 Nf8 15. exf6 gxf6 16. h5 Bd7 17. Rh4 Re8 18. h6 Be7 19. Bb1 Bd8 20. Rg4+ Kh8 21. Qh1 f5 22. Rg7 Rxg7 23. hxg7+ Kxg7 24. Qh5 Bf6 25. g4 fxg4 26. Qxg4+ Kh8 27. Qh5 Re7 28. Kf2 Be8 29. Qh6 Bg7 30. Qg5 Rf7 31. Bc2 Rf6 32. b3 Bg6 33. Bxg6 Rxg6 34. Qh5 Kg8 35. Be3 Qb5 36. Rd1 Rg2+ 37. Kxg2 Qxe2+ 38. Kg3 Qxd1 39. Qe8 Qd3 40. Bf2 Qg6+ 41. Qxg6 Nxg6 42. Kg4 Nge7 43. Ng5 Nd8 44. Nf3 Nf5 45. Bg1 Nc6 0-1